000 00808nam a22001337a 4500
040 _cRUA
082 _aAVM CHH 2016 B654 O.1
100 _aCHHEUN SOPHEAK ឈឺន សុភ័ក្រ
245 _aeffect of gentanmicin and tiamulin on weaning piglet dairrhea at cp phnumsroch disrtict, kampong speu province ប្រសិទ្ធភាពរបស់ GENTAMICIN និងTIAMULIN នៅជំងឺរាកកូនជ្រូកក្នុងពេលបៅដោះក្នុងក្រុមហ៊ុន ស៊ីភី ស្រុកភ្នំស្រួច ខេត្តកំពងស្ពឺ ​
260 _aRUA
_bPhnom penh
_c2016
300 _aviii;34p
_bill;
_c29cm
856 _uhttps://drive.google.com/file/d/1A5uMN9dzkVKQ4ccHBb0dIEVFL3BKk2RT/view?usp=sharing
942 _cAVM
999 _c18569
_d18569